| 000 | 00591nam a2200121Ia 4500 | ||
|---|---|---|---|
| 008 | 220620s9999||||xx |||||||||||||| ||und|| | ||
| 100 | _aNachmani, Amikam | ||
| 245 | 0 | _aTurkey facing a new millenium: Coping with intertwined conflicts | |
| 546 | _aEnglish[eng] | ||
| 650 | _aturkey||turkish||gulf||kurd||kurdish||Ankara||Greece||Israel||Kurds||United States | ||
| 856 | _uhttps://library.oapen.org/bitstream/20.500.12657/34989/1/341407.pdf||https://library.oapen.org/bitstream/20.500.12657/34989/1/341407.pdf||https://library.oapen.org/bitstream/20.500.12657/34989/1/341407.pdf | ||
| 942 | _cEB | ||
| 999 |
_c31322 _d31322 |
||